000 00590nam a2200193Ia 4500
003 GCL
008 140319s9999 xx 000 0 ara d
040 _aGCL /
_cGCL
082 0 4 _a811.9
_bم ش
100 1 _aمحمد مندور
245 1 0 _aالشعر المصرى بعد شوقى /
_cمحمد مندور
260 _aالقاهرة :
_bنهضة مصر للطباعة والنشر والتوزيع
300 _a130 ص ؛
_c20 سم
490 _a
650 0 4 _aالشعر العربى
650 0 4 _aالادب العربى
650 0 4 _aالعصر الحديث
942 _2ddc
_cBK
999 _c31492
_d31492